000 00261nam a2200109Ia 4500
008 220204s9999 xx 000 0 und d
082 _a82-3MB
_bHAM
100 _aHampson, Anne
245 0 _aCoolibah creek
260 _aLondon
_bMills and Boon
_c1979
942 _cBK
999 _c32424
_d32424